Effectif Portugal Euro 2024 - Statistiques

Statistiques générales
  • Ce quiz a été pris 1 100 fois
    956 depuis la dernière actualisation
  • Le résultat moyen est 21 sur 27
Statistiques - réponses
POSTE CLUB NUMERO JOUEUR % Correct
ATT Al-Nassr 7 Cristiano Ronaldo
96%
MIL Manchester City 10 Bernardo Silva
93%
MIL Manchester United 8 Bruno Fernandes
92%
ATT AC Milan 17 Rafael Leão
92%
DEF PSG 19 Nuno Mendes
91%
DEF Manchester City 4 Rúben Dias
91%
DEF FC Porto 3 Pepe
90%
DEF SL Benfica 24 António Silva
89%
MIL PSG 23 Vitinha
89%
ATT PSG 9 Gonçalo Ramos
87%
ATT FC Barcelone 11 João Félix
86%
G AS Roma 1 Rui Patrício
86%
ATT Liverpool 21 Diogo Jota
85%
G FC Porto 22 Diogo Costa
84%
MIL SL Benfica 15 João Neves
84%
MIL Al-Hilal 18 Rúben Neves
84%
DEF PSG 13 Danilo Pereira
79%
DEF Manchester United 5 Diogo Dalot
76%
DEF FC Barcelone 20 João Cancelo
75%
G Wolverhampton 12 José Sá
71%
DEF Wolverhampton 2 Nélson Semedo
64%
COACH - - Roberto Martínez
63%
MIL Manchester City 16 Matheus Nunes
60%
MIL Fulham 6 João Palhinha
59%
DEF Sporting CP 14 Gonçalo Inácio
54%
ATT FC Porto 26 Francisco Conceição
53%
ATT Wolverhampton 25 Pedro Neto
53%
Aucun quiz correspondant
Distribution des résultats
% des personnes avec chaque résultat
Percentile par nombre de réponses
Votre historique - résultats
Vous n’avez pas pris ce quiz depuis la dernière actualisation